| 000 | 00889nam a22002897a 4500 | ||
|---|---|---|---|
| 003 | CHAP | ||
| 005 | 20220329140737.0 | ||
| 008 | 971013s r 00010 d | ||
| 010 | _a56914 | ||
| 011 | _a57886 | ||
| 035 | _a62041 | ||
| 040 | _cCHAP | ||
| 090 | _aR-1680 | ||
| 100 | 0 | 0 |
_aSingh, R. N. _9106632 |
| 245 | _aSome pollination problems in mango | ||
| 500 | _aSobretiro de : Proc. Symposium on mango and mango culture, 1972. pp. 134-138 | ||
| 590 |
_aBATCH-UPD _b10 _c20130110 _lUCH01 _h0518 |
||
| 590 |
_aBATCH-UPD _b10 _c20130110 _lUCH01 _h2209 |
||
| 590 |
_aBATCH-UPD _b10 _c20130410 _lUCH01 _h0157 |
||
| 590 |
_aBATCH-UPD _b10 _c20130914 _lUCH01 _h1743 |
||
| 590 |
_aCONVERSION _b10 _c20130109 _lUCH01 _h1331 |
||
| 650 | 1 | 4 |
_aMango _xPolinización. _970448 |
| 700 | 0 |
_aSharma, D. K. _9105503 |
|
| 901 | _aBK | ||
| 942 | _cREIMP | ||
| 949 |
_aR-1680 _bBC _cR _d-133033 _eTS1 _i62041 _si |
||
| 999 |
_c56914 _d56914 |
||